Crónicas reales
Guardat en:
| Autor principal: | |
|---|---|
| Format: | Llibre |
| Idioma: | espanyol |
| Publicat: |
Buenos Aires
Sudamericana
1967
|
| Matèries: | |
| Etiquetes: |
Afegir etiqueta
Sense etiquetes, Sigues el primer a etiquetar aquest registre!
|
MARC
| LEADER | 00000nam a2200000 a 4500 | ||
|---|---|---|---|
| 001 | UCQ6480 | ||
| 003 | CL-VaPUC | ||
| 008 | 981016e19670000AG |||||||||||||||||spa|d | ||
| 082 | 0 | 4 | |a Ar863 |b MUJ |2 21 |
| 100 | |a Mujica Lainez, Manuel |e autor |9 329588 | ||
| 245 | 1 | 0 | |a Crónicas reales |
| 300 | |a 331 p | ||
| 942 | |c BK | ||
| 945 | |d 19981016 00:00:00 |a crobeson | ||
| 260 | |a Buenos Aires |b Sudamericana |c 1967 | ||
| 650 | 7 | |a CUENTOS ARGENTINOS |2 CL-VaPUC |9 420382 | |
| 650 | 0 | |a Literatura argentina |9 320596 | |
| 583 | |a last modification |c 19981016 00:00:00 |k Rodrigo Vera | ||
| 999 | |c 276436 |d 276434 | ||
| 952 | |0 0 |1 0 |4 0 |6 AR_863_000000000000000_MUJ_1967 |7 0 |8 A |9 313660 |a BIBEDU |b BIBEDU |d 2019-11-20 |i 1482122 |o Ar863 MUJ 1967 |p 1482122 |r 2019-11-20 |w 2019-11-20 |y BK |k LIT | ||